000 00442nam a2200181Ia 4500
008 230711s9999||||xx |||||||||||||| ||und||
020 _a978-93-51642-16-9
041 _aENG
082 _a615.1901
_bBA-P
100 _aBari,S.B
245 0 _aPractical Handbook of Pharmaceutical Analysis
250 _a1st Ed.
260 _c2017
_aPune
_bNirali Prakashan
300 _a136p.
650 _aPharmacy
700 _aSonawane,L.V
942 _cBK
999 _c7333
_d7333